| 000 | 03705nam0a2200469 4500 | ||
|---|---|---|---|
| 001 | RU\NLR\BIBL_A\011491121 | ||
| 005 | 20260503053746.0 | ||
| 010 |
_a978-5-7264-1617-5 _9300 |
||
| 021 |
_aRU _b2017-67600 _94787 |
||
| 035 | _a(NLR Aleph) 011491121 | ||
| 035 | _a(RuMoRGB)009388744 | ||
| 090 |
_a11945039 _c11945039 |
||
| 100 | _a20171006d2017 u y0rusy50 ca | ||
| 101 | 0 | _arus | |
| 102 | _aRU | ||
| 105 | _aa|||j|||000zy | ||
| 200 | 1 |
_aИнженерные сооружения башенного типа, технологические эстакады и опоры линий электропередачи _eучебное пособие _e[для обучающихся по направлению подготовки 08.05.01 Строительство уникальных зданий и сооружений специализации "Строительство высотных и большепролетных зданий и сооружений", "Строительство сооружений тепловой и атомной энергетики"] _fА.И. Бедов, А.И. Габитов _gМинистерство образования и науки Российской Федерации, Национальный исследовательский Московский государственный строительный университет |
|
| 210 |
_aМосква _cФедеральное государственное бюджетное образовательное учреждение высшего образования "Национальный исследовательский Московский государственный строительный университет" _d2017 |
||
| 215 |
_a327 с. _cил., табл. _d20 |
||
| 225 | 1 | _aСтроительство | |
| 300 | _aНа 4-й с. обл. авт.: Бедов А.И., к.т.н., проф., Габитов А.И., д.т.н., проф., засл. деят. науки Респ. Башкортостан | ||
| 320 | _aБиблиогр.: с. 324-327 (54 назв.) | ||
| 606 |
_aСтроительство -- Промышленное строительство -- Промышленные здания и сооружения -- Специальные промышленные сооружения -- Учебник для высшей школы _2rubbk |
||
| 606 | 1 |
_aБашенные сооружения _jУчебные издания для высших учебных заведений _91108080 _3RU\NLR\AUTH\66117582 |
|
| 606 | 1 |
_aДымовые трубы _jУчебные издания для высших учебных заведений _91036074 _3RU\NLR\AUTH\66398223 |
|
| 606 | 1 |
_aТрубопроводы _jУчебные издания для высших учебных заведений _9967350 _3RU\NLR\AUTH\6643390 |
|
| 606 |
_aОпоры (электр.) _jУчебные издания для высших учебных заведений _91541752 _3RU\NLR\AUTH\66672461 |
||
| 610 | 0 | _aводонапорные башни | |
| 610 | 0 | _aбашенные градирни | |
| 610 | 0 | _aдымовые трубы | |
| 610 | 0 | _aрадиотелевизионные башни | |
| 610 | 0 | _aопоры линий электропередачи | |
| 686 |
_aН728я73-1 _2rubbk |
||
| 686 | 1 | _aН728я73-1 | |
| 686 | 1 | _aЗ279-043я73-1 | |
| 700 | 1 |
_aБедов _bА. И. _gАнатолий Иванович |
|
| 701 | 1 |
_aГабитов _bА. И. _f1962- _gАзат Исмагилович _9128160 _3RU\NLR\AUTH\770128186 |
|
| 942 | _cBOOK | ||
| 980 | _aNBR | ||
| 980 | _aNB | ||